Jak se nedostat do problémů kvůli padělaným penězům

Zákon o obehu bankoviek v Českej republike. Trestná zodpovednosť za trestné činy proti mene a platobným prostriedkom, falšovaniu a pozmeňovaniu peňazí a za držanie nástrojov na neoprávnenú výrobu peňazí.

Gespeichert in:
Bibliographische Detailangaben
1. Verfasser: Januš, Jan
Format: Buchkapitel
Sprache:Tschechisch
Schlagworte:
Tags: Tag hinzufügen
Keine Tags, Fügen Sie das erste Tag hinzu!

MARC

LEADER 00000naa a2200000 4500
001 0196394
005 20231211083420.7
041 0 |a cze 
044 |a CZ 
245 1 0 |a Jak se nedostat do problémů kvůli padělaným penězům  |c Jan Januš 
520 |a Zákon o obehu bankoviek v Českej republike. Trestná zodpovednosť za trestné činy proti mene a platobným prostriedkom, falšovaniu a pozmeňovaniu peňazí a za držanie nástrojov na neoprávnenú výrobu peňazí. 
610 2 0 |a Česko 
610 2 0 |a mena 
610 2 0 |a peniaze 
610 2 0 |a bankovky 
610 2 0 |a obeh peňažný 
610 2 0 |a falzifikáty 
610 2 0 |a podvody 
610 2 0 |a činnosť trestná 
610 2 0 |a zodpovednosť trestná 
100 1 |a Januš, Jan